| 000 | 00545nam a2200157Ia 4500 | ||
|---|---|---|---|
| 008 | 170221s9999 xx 000 0 und d | ||
| 100 | _aXiaojun Peng | ||
| 245 | _aManeuvering Target Tracking Using Current Statistical Model Based Adaptive UKF for Wireless Sensor Network | ||
| 245 | _cXiaojun Peng, Kuntao Yang, and Chang Liu | ||
| 260 | _bJournal of Communications | ||
| 260 | _c2014 | ||
| 300 | _a34 : 11 | ||
| 650 | _xCommunication | ||
| 650 | _xMedia Arts | ||
| 856 | _uhttp://www.jocm.us/index.php?m=content&c=index&a=lists&catid=150 | ||
| 999 |
_c310854 _d310854 |
||